000 00837nam a2200217 a 4500
003 0
005 20250609101748.0
008 021119s19uu xx 00 eng d
050 _aPGS RJ 206
_b.P972 2000
100 _aPruna, Bryan Miguel L.
245 _aA comparative study on the eating habits of grade 3 and 4 students of Southville International School SY 1999-2000 /
_cBryan Miguel L. Pruna.
260 _aLas PiƱas City, Philippines :
_bSouthville International School and Colleges,
_c2000.
300 _a33 pages :
_billustrations ;
_c28 cm.
504 _aIncludes bibliographical references.
650 _aChildren
_vNutrition
_zPhilippines.
650 _aSchool children
_vHealth and hygiene.
650 _aDiet
_vPsychological aspects.
650 _aEating habits.
650 _aNutrition surveys.
942 _2lcc
_cPASS
999 _c96280
_d96280